Drużyny mundialu w Katarze po jednym fakcie - Statystyki

Ogólne statystyki
  • Ten quiz został rozwiązany 321 razy
  • Średni wynik to 12 z 16
Statystyki odpowiedzi
Hint Odpowiedź % Poprawnych
Zwycięzcy Argentyna
99%
Ich piłkarz został królem strzelców Francja
94%
Pierwsza drużyna afrykańska, która awansowała do najlepszej czwórki Maroko
94%
Wygrali swój pierwszy mecz z przyszłymi mistrzami świata Arabia Saudyjska
91%
Dostali się do półfinału, wygrywając w rzutach karnych Chorwacja
90%
Debiutanci Katar
89%
Bramkarz obronił tej drużynie dwa karne (w trakcie meczu, nie w serii rzutów karnych) Polska
89%
Pokonali zarówno Niemców i Hiszpanów w swojej grupie Japonia
88%
Wygrali mecz otwarcia z gospodarzami po raz pierwszy w historii turnieju Ekwador
83%
Przegrali z azjatycką drużyną na mundialu po raz drugi z rzędu i ponownie nie wyszli z grupy Niemcy
82%
Stracili najwięcej goli w jednym meczu Kostaryka
70%
Nie wyszli z grupy po raz pierwszy od 1994 Meksyk
67%
Powrócili do turnieju po 64 latach Walia
59%
Wyszli z grupy, pomimo bycia losowanymi z ostatniego koszyka Australia
53%
Stracili tylko jedną bramkę w turnieju, ale nawet nie wyszli z grupy Tunezja
45%
Otrzymali nagrodę FIFA Fair Play Anglia
37%
Nie znaleziono quizów pasujących do podanych kryteriów
Rozkład punktacji
Procent ludzi z każdym wynikiem
Percentyl według liczby udzielonych odpowiedzi
Twoja historia wyników
Nie rozwiązałeś tego quizu